[Event "Scarborough CC Falling Leaves"]
[Site "Toronto CAN"]
[Date "2019.11.07"]
[Round "2.3"]
[White "Southam, David"]
[Black "Sharpe, Sam"]
[Result "1-0"]
[WhiteElo "2185"]
[BlackElo "1946"]
[Annotator ",Hugh"]
[PlyCount "87"]
[EventDate "2019.10.31"]
[EventType "swiss"]
[EventRounds "6"]
[EventCountry "CAN"]

1. d4 Nf6 2. c4 e6 3. Nc3 d5 4. cxd5 exd5 5. Bg5 Be7 6. e3 O-O 7. Bd3 c6 8. Qc2
Nbd7 9. Nge2 Re8 10. h3 Nf8 11. Bf4 Bd6 12. O-O-O b5 13. Bxd6 Qxd6 14. Ng3 a5
15. Kb1 a4 16. Rc1 Ba6 17. Nce2 b4 18. Bxa6 Rxa6 19. Qd2 N8d7 20. Nf4 Nb6 21.
Nd3 b3 22. Qb4 Qc7 23. Ne5 bxa2+ 24. Kxa2 Nbd7 25. Nd3 Rb8 26. Qd2 Rab6 27.
Rhd1 Rb3 28. Rc3 Qb6 29. Rb1 a3 30. Qc2 Rb5 31. b3 Rc8 32. Rc1 Nb8 33. Nc5 g6
34. f3 Ne8 35. e4 Nd6 36. e5 Nb7 37. f4 Nxc5 38. Rxc5 Rb4 39. Rxd5 Rxd4 40.
Rxd4 Qxd4 41. Ne4 Na6 42. Nf6+ Kg7 43. Kxa3 Nb4 44. Qc4 {Time.} 1-0

[Event "Scarborough CC Falling Leaves"]
[Site "Toronto CAN"]
[Date "2019.11.07"]
[Round "2.4"]
[White "Jeyakumar, Bhavatharshan"]
[Black "Zhao, Jeffrey R"]
[Result "1/2-1/2"]
[WhiteElo "1902"]
[BlackElo "2164"]
[PlyCount "87"]
[EventDate "2019.10.31"]
[EventType "swiss"]
[EventRounds "6"]
[EventCountry "CAN"]

1. e4 c5 2. Nf3 d6 3. d4 cxd4 4. Nxd4 Nf6 5. Nc3 a6 6. Bg5 e6 7. f4 Be7 8. Bc4
Qc7 9. Bb3 b5 10. Qf3 O-O 11. O-O-O Nbd7 12. f5 Nc5 13. Rhe1 Bd7 14. Qg3 b4 15.
Bxf6 Bxf6 16. Nb1 a5 17. fxe6 fxe6 18. Qh3 Rfe8 19. Qf3 Kh8 20. Bc4 Be5 21. g3
Rec8 22. Qf1 a4 23. c3 a3 24. b3 bxc3 25. Nxc3 Nb7 26. Ncb5 Qc5 27. Kb1 Na5 28.
Qd3 Rab8 29. Rc1 Bxb5 30. Nxb5 h6 31. Bxe6 Qf2 32. Re2 Rxc1+ 33. Kxc1 Qf1+ 34.
Kd2 Nc6 35. Qc4 Rb6 36. Bd7 Bf6 37. Bxc6 Bg5+ 38. Kc3 Rxc6 39. Qxc6 Qxe2 40.
Qc8+ Kh7 41. Qf5+ Kg8 42. Qc8+ Kf7 43. Qd7+ Kg8 44. Qc8+ 1/2-1/2

[Event "Scarborough CC Falling Leaves"]
[Site "Toronto CAN"]
[Date "2019.11.07"]
[Round "2.5"]
[White "Xie, Austin"]
[Black "Wu, Benjamin"]
[Result "1-0"]
[WhiteElo "1956"]
[BlackElo "1796"]
[PlyCount "97"]
[EventDate "2019.10.31"]
[EventType "swiss"]
[EventRounds "6"]
[EventCountry "CAN"]

1. e4 c6 2. Nc3 d5 3. Nf3 dxe4 4. Nxe4 Nf6 5. Nxf6+ exf6 6. d4 Bg4 7. c3 Bd6 8.
Bd3 O-O 9. O-O Re8 10. h3 Bh5 11. Qc2 Bxf3 12. gxf3 b6 13. Kh1 Qc7 14. Rg1 Bf4
15. Bc4 Bxc1 16. Raxc1 Kh8 17. Rg3 b5 18. Rcg1 Rg8 19. Bd3 g5 20. Qe2 Qd7 21.
Qe4 Rg7 22. f4 Na6 23. fxg5 fxg5 24. Bxb5 Nb8 25. Bd3 Qd5 26. Qxd5 cxd5 27. Bb5
a6 28. Ba4 f6 29. Re3 Raa7 30. Re6 Nd7 31. Rd6 Rb7 32. Rxd5 Nb6 33. Rd8+ Rg8
34. Rxg8+ Kxg8 35. Bb3+ Kf8 36. Re1 Re7 37. Rxe7 Kxe7 38. Kg2 a5 39. a3 a4 40.
Bc2 Nc4 41. Bxa4 Nxb2 42. Bb5 Nd1 43. c4 Nc3 44. Kf3 f5 45. a4 Kd6 46. a5 Ne4
47. a6 Kc7 48. a7 Kb7 49. Bc6+ 1-0

[Event "Scarborough CC Falling Leaves"]
[Site "Toronto CAN"]
[Date "2019.11.14"]
[Round "3.1"]
[White "Tavana, Joseph"]
[Black "Southam, David"]
[Result "0-1"]
[WhiteElo "1752"]
[BlackElo "2185"]
[PlyCount "54"]
[EventDate "2019.10.31"]
[EventType "swiss"]
[EventRounds "6"]
[EventCountry "CAN"]

1. d4 g6 2. e3 Bg7 3. Nf3 d6 4. Be2 Nd7 5. O-O e5 6. c4 Ngf6 7. Nc3 O-O 8. Qc2
Re8 9. dxe5 dxe5 10. e4 c6 11. Rd1 Qc7 12. b3 Nh5 13. g3 Nc5 14. Ba3 Bf8 15.
Bb2 Bg4 16. Kg2 Ne6 17. Nxe5 Bh3+ 18. Kxh3 Nef4+ 19. gxf4 Nxf4+ 20. Kg3 Qxe5
21. Bf1 Bh6 22. f3 Nd5+ 23. Kf2 Qxh2+ 24. Bg2 Ne3 25. Qe2 Qxg2+ 26. Ke1 Nc2+
27. Qxc2 Qxc2 0-1

[Event "Scarborough CC Falling Leaves"]
[Site "Toronto CAN"]
[Date "2019.11.14"]
[Round "3.2"]
[White "Mao, Fengxi"]
[Black "Xie, Austin"]
[Result "1-0"]
[WhiteElo "2181"]
[BlackElo "1956"]
[PlyCount "83"]
[EventDate "2019.10.31"]
[EventType "swiss"]
[EventRounds "6"]
[EventCountry "CAN"]

1. e4 e6 2. d4 d5 3. Nd2 Nf6 4. e5 Nfd7 5. f4 c5 6. c3 Nc6 7. Ndf3 Be7 8. Bd3
f6 9. Ne2 fxe5 10. fxe5 O-O 11. h4 cxd4 12. cxd4 h6 13. Rh3 Nb4 14. Bb1 Rxf3
15. Rxf3 Bxh4+ 16. g3 Bg5 17. a3 Nc6 18. Qd3 Nf8 19. Nf4 Ne7 20. Bd2 Bd7 21.
Bb4 Rc8 22. Bxe7 Bxe7 23. Ng6 Nxg6 24. Qxg6 Qa5+ 25. Kf1 Rc1+ 26. Kg2 Rxb1 27.
Rxb1 Qd2+ 28. Rf2 Qg5 29. Qxg5 Bxg5 30. Rbf1 Be3 31. Rf8+ Kh7 32. Rd1 Ba4 33.
b3 Bc6 34. Rd8 Kg6 35. Kf3 Bg5 36. Ra8 a6 37. Rd3 Be7 38. Rc3 Bxa3 39. Rxc6
bxc6 40. Rxa6 Bb2 41. Ke3 Kf5 42. Rxc6 1-0

[Event "Scarborough CC Falling Leaves"]
[Site "Toronto CAN"]
[Date "2019.11.14"]
[Round "3.3"]
[White "Xiao, Edward"]
[Black "Gao, Raymond"]
[Result "0-1"]
[WhiteElo "1812"]
[BlackElo "2052"]
[PlyCount "64"]
[EventDate "2019.10.31"]
[EventType "swiss"]
[EventRounds "6"]
[EventCountry "CAN"]

1. d4 Nf6 2. c4 c5 3. d5 b5 4. cxb5 a6 5. bxa6 g6 6. Nc3 Bxa6 7. Nf3 Bg7 8. e3
Bxf1 9. Kxf1 O-O 10. g3 d6 11. Kg2 Nbd7 12. Re1 Ra6 13. Qd3 Qa8 14. h3 Nb6 15.
e4 Nfd7 16. a3 Rb8 17. Rb1 c4 18. Qc2 Nc5 19. Nb5 Ra5 20. Nbd4 Nd3 21. Rd1 Re8
22. Nc6 Rb5 23. Nfd4 Rc5 24. Be3 e6 25. Ne2 exd5 26. Bxc5 dxc5 27. exd5 Nxd5
28. Qxc4 Qxc6 29. Kg1 Rxe2 30. Qxd3 Ne3 31. Qxe3 Rxe3 32. fxe3 Qf3 0-1

[Event "Scarborough CC Falling Leaves"]
[Site "Toronto CAN"]
[Date "2019.11.14"]
[Round "3.4"]
[White "Zhao, Jeffrey R"]
[Black "Mendoza, Armand Jess"]
[Result "1-0"]
[WhiteElo "2164"]
[BlackElo "1850"]
[PlyCount "67"]
[EventDate "2019.10.31"]
[EventType "swiss"]
[EventRounds "6"]
[EventCountry "CAN"]

1. e4 c5 2. Nf3 d6 3. d4 cxd4 4. Nxd4 Nf6 5. Nc3 a6 6. Bg5 e6 7. f4 Bd7 8. Qf3
Nc6 9. O-O-O Qc7 10. Qg3 h6 11. Bh4 Nxd4 12. Rxd4 b5 13. Be2 Rc8 14. Rhd1 Qc5
15. R1d2 g5 16. fxg5 hxg5 17. Qxg5 e5 18. Rxd6 Rxh4 19. Rxd7 Nxd7 20. Qxh4 Qg1+
21. Bd1 Qe3 22. Nd5 Qh6 23. Qg4 Rd8 24. Qf5 Be7 25. Bh5 Nf6 26. Qxe5 Rxd5 27.
Bxf7+ Kxf7 28. exd5 Ng4 29. Qf5+ Nf6 30. d6 Bxd6 31. Kd1 Qxh2 32. Rf2 Be5 33.
g4 Ke7 34. Rxh2 1-0

[Event "Scarborough CC Falling Leaves"]
[Site "Toronto CAN"]
[Date "2019.11.14"]
[Round "3.5"]
[White "Manalo, Pepin"]
[Black "Uthayakumar, Ronan"]
[Result "1-0"]
[WhiteElo "1927"]
[BlackElo "1902"]
[PlyCount "52"]
[EventDate "2019.10.31"]
[EventType "swiss"]
[EventRounds "6"]
[EventCountry "CAN"]

1. d4 d5 2. Nf3 e6 3. e3 Nf6 4. Bd3 Nbd7 5. b3 Bd6 6. Bb2 c5 7. Ne5 Qc7 8. f4
b6 9. Nd2 Bb7 10. Qe2 a6 11. a4 Ne4 12. Bxe4 dxe4 13. Ndc4 O-O 14. Nxd7 Qxd7
15. Nxb6 Qc7 16. Nxa8 Rxa8 17. O-O Rd8 18. Rad1 Qb6 19. Qg4 c4 20. f5 cxb3 21.
c4 exf5 22. Qxf5 Qc7 23. Qh5 Qxc4 24. Rc1 Qe6 25. d5 Qxd5 26. Rf5 Qe6 1-0

[Event "Scarborough CC Falling Leaves"]
[Site "Toronto CAN"]
[Date "2019.11.14"]
[Round "3.6"]
[White "Sharpe, Sam"]
[Black "Jeyakumar, Bhavatharshan"]
[Result "1-0"]
[WhiteElo "1946"]
[BlackElo "1902"]
[PlyCount "49"]
[EventDate "2019.10.31"]
[EventType "swiss"]
[EventRounds "6"]
[EventCountry "CAN"]

1. e4 c5 2. Nc3 a6 3. g3 b5 4. Bg2 Bb7 5. Nge2 e6 6. O-O Nf6 7. d3 d5 8. exd5
exd5 9. d4 c4 10. Bg5 Be7 11. Bxf6 Bxf6 12. Nf4 Nc6 13. Re1+ Kf8 14. Nce2 Ne7
15. Qd2 Qb6 16. Nh5 Rd8 17. a4 Nf5 18. Nxf6 Qxf6 19. axb5 axb5 20. Qb4+ Nd6 21.
Ra7 Kg8 22. Nc3 Qxd4 23. Qxd6 Rf8 24. Rxb7 g6 25. Bxd5 1-0

[Event "Scarborough CC Falling Leaves"]
[Site "Toronto CAN"]
[Date "2019.11.21"]
[Round "4.1"]
[White "Southam, David"]
[Black "Mao, Fengxi"]
[Result "1-0"]
[WhiteElo "2185"]
[BlackElo "2181"]
[PlyCount "109"]
[EventDate "2019.10.31"]
[EventType "swiss"]
[EventRounds "6"]
[EventCountry "CAN"]

1. d4 Nf6 2. c4 e6 3. Nc3 Bb4 4. e3 O-O 5. Nge2 c6 6. a3 Ba5 7. c5 d5 8. cxd6
Qxd6 9. b4 Bc7 10. Bb2 Nbd7 11. Ng3 e5 12. dxe5 Qxd1+ 13. Rxd1 Nxe5 14. Nge4
Nxe4 15. Nxe4 Bg4 16. f3 Bf5 17. Nd6 Bxd6 18. Rxd6 Ng6 19. Bc4 Rfd8 20. Rxd8+
Rxd8 21. Bd4 Nf4 22. Kf2 Be6 23. Bf1 Nd5 24. Be2 f5 25. Rd1 Kf7 26. h3 h5 27.
Be5 Rd7 28. Rg1 Nb6 29. Bd4 f4 30. Rd1 fxe3+ 31. Bxe3 Rxd1 32. Bxd1 Bd5 33. a4
Nc8 34. Kg3 a6 35. Kh4 g6 36. Kg5 Ne7 37. Bc2 Be6 38. g4 hxg4 39. hxg4 Bd5 40.
f4 Bf3 41. Bc5 Nd5 42. Bxg6+ Ke6 43. a5 Nf6 44. Bf5+ Kf7 45. Kh4 Bd5 46. g5 Ne4
47. Bc8 Bc4 48. Bxb7 Bb5 49. Bc8 Bd3 50. f5 Nd2 51. Be6+ Ke8 52. Kh5 Be2+ 53.
Kh6 Bc4 54. Bxc4 Nxc4 55. g6 1-0

[Event "Scarborough CC Falling Leaves"]
[Site "Toronto CAN"]
[Date "2019.11.21"]
[Round "4.2"]
[White "Gao, Raymond"]
[Black "Manalo, Pepin"]
[Result "1-0"]
[WhiteElo "2052"]
[BlackElo "1927"]
[PlyCount "55"]
[EventDate "2019.10.31"]
[EventType "swiss"]
[EventRounds "6"]
[EventCountry "CAN"]

1. e4 c5 2. Nf3 d6 3. d4 cxd4 4. Nxd4 Nf6 5. Nc3 a6 6. Bc4 e6 7. Bb3 Qa5 8. O-O
b5 9. Re1 Bb7 10. a3 Nbd7 11. f4 b4 12. axb4 Qxb4 13. e5 dxe5 14. fxe5 Bc5 15.
Ra4 Bxd4+ 16. Qxd4 Qxd4+ 17. Rxd4 Ng8 18. Ba4 Rd8 19. Red1 Bc8 20. Ne4 Ke7 21.
b3 f5 22. Ba3+ Kf7 23. Ng5+ Kg6 24. Nxe6 Re8 25. Nf4+ Kh6 26. Bxd7 Bxd7 27.
Rxd7 Rxe5 28. Bf8 1-0

[Event "Scarborough CC Falling Leaves"]
[Site "Toronto CAN"]
[Date "2019.11.21"]
[Round "4.3"]
[White "Wu, Benjamin"]
[Black "Zhao, Jeffrey R"]
[Result "0-1"]
[WhiteElo "1796"]
[BlackElo "2164"]
[PlyCount "84"]
[EventDate "2019.10.31"]
[EventType "swiss"]
[EventRounds "6"]
[EventCountry "CAN"]

1. e4 c5 2. Nf3 d6 3. d4 cxd4 4. Nxd4 Nf6 5. Nc3 a6 6. Bc4 e6 7. O-O b5 8. Bb3
Be7 9. a3 O-O 10. Bg5 Nbd7 11. Nc6 Qe8 12. Nxe7+ Qxe7 13. Qd2 Bb7 14. Rad1 Nc5
15. Qxd6 Qxd6 16. Rxd6 Nfxe4 17. Nxe4 Nxe4 18. Rd7 Bc8 19. Rd5 exd5 20. Bxd5
Bf5 21. Bxa8 Rxa8 22. Be3 Rd8 23. Kh1 Nf6 24. c3 Bc2 25. Re1 Rd1 26. Rxd1 Bxd1
27. Kg1 Kf8 28. Kf1 Ke7 29. Ke1 Bb3 30. Kd2 Ke6 31. Kd3 Bc4+ 32. Kc2 Ng4 33.
Bd4 g6 34. h3 Nh6 35. g3 Nf5 36. Bb6 g5 37. Bd8 f6 38. b3 Bf1 39. a4 bxa4 40.
bxa4 Bxh3 41. Kb3 Bf1 42. Kb4 Nd6 0-1

[Event "Scarborough CC Falling Leaves"]
[Site "Toronto CAN"]
[Date "2019.11.21"]
[Round "4.4"]
[White "Mendoza, Armand Jess"]
[Black "Hay, Jonathan"]
[Result "1/2-1/2"]
[WhiteElo "1850"]
[BlackElo "2039"]
[PlyCount "100"]
[EventDate "2019.10.31"]
[EventType "swiss"]
[EventRounds "6"]
[EventCountry "CAN"]

1. d4 d5 2. Nc3 Nf6 3. Bg5 e6 4. e4 dxe4 5. Nxe4 Be7 6. Nxf6+ Bxf6 7. Bxf6 Qxf6
8. Nf3 b6 9. Bb5+ Bd7 10. Bxd7+ Nxd7 11. Qe2 O-O 12. O-O-O Rfd8 13. Qe4 Qe7 14.
Rhe1 Nf6 15. Qe5 Rd5 16. Qe2 c6 17. Ne5 Qc7 18. g4 Rad8 19. g5 Ne8 20. c3 c5
21. dxc5 Qxc5 22. Rxd5 Qxd5 23. Rd1 Qxd1+ 24. Qxd1 Rxd1+ 25. Kxd1 f6 26. gxf6
gxf6 27. Nc6 a5 28. b4 axb4 29. cxb4 Nd6 30. a4 Ne4 31. Ke1 Kf7 32. a5 bxa5 33.
bxa5 Nc5 34. Kd2 Ke8 35. Ke3 Kd7 36. Nb4 Kc7 37. Nd3 Nb3 38. Nf4 Nxa5 39. Nxe6+
Kd6 40. Nf8 Ke7 41. Nxh7 Kf7 42. h4 Kg7 43. Ng5 fxg5 44. hxg5 Kg6 45. Kf4 Nc4
46. f3 Nd6 47. Kg4 Nf5 48. Kf4 Nd4 49. Kg4 Nxf3 50. Kxf3 Kxg5 1/2-1/2

[Event "Scarborough CC Falling Leaves"]
[Site "Toronto CAN"]
[Date "2019.11.21"]
[Round "4.5"]
[White "Jacobs, Michael"]
[Black "Xiao, Edward"]
[Result "0-1"]
[WhiteElo "1758"]
[BlackElo "1812"]
[PlyCount "92"]
[EventDate "2019.10.31"]
[EventType "swiss"]
[EventRounds "6"]
[EventCountry "CAN"]

1. e4 c5 2. Nf3 d6 3. d4 cxd4 4. Nxd4 Nf6 5. Nc3 a6 6. Bc4 e6 7. Bg5 b5 8. Bb3
Bb7 9. f3 Be7 10. O-O O-O 11. Qd2 b4 12. Nce2 Nxe4 13. Bxe7 Nxd2 14. Bxd8 Nxf1
15. Bg5 h6 16. Bc1 Nxh2 17. Kxh2 Nc6 18. Bd2 a5 19. Nxc6 Bxc6 20. Nd4 Bd7 21.
Bc4 e5 22. Bb5 Bxb5 23. Nxb5 Rfd8 24. c3 bxc3 25. Bxc3 a4 26. Rd1 f6 27. Rd5
Rac8 28. Bb4 Rc2 29. Ba3 Rc4 30. Nxd6 Rd4 31. Rxd4 exd4 32. Kg3 g5 33. Kf2 Kg7
34. Ke2 Kg6 35. g4 h5 36. Kd3 h4 37. Nf5 h3 38. Bb4 h2 39. Ng3 Rb8 40. a3 Rh8
41. Nh1 Rh3 42. Ke4 Rh8 43. Kxd4 Rd8+ 44. Kc4 Rd1 45. Kb5 Rxh1 46. Bd6 Rb1 0-1

[Event "Scarborough CC Falling Leaves"]
[Site "Toronto CAN"]
[Date "2019.11.21"]
[Round "4.6"]
[White "Leblanc, Miguel"]
[Black "Uthayakumar, Ronan"]
[Result "1-0"]
[WhiteElo "1754"]
[BlackElo "1724"]
[PlyCount "73"]
[EventDate "2019.10.31"]
[EventType "swiss"]
[EventRounds "6"]
[EventCountry "CAN"]

1. e4 c5 2. Nf3 Nc6 3. Bb5 g6 4. c3 Bg7 5. d4 cxd4 6. cxd4 a6 7. Bxc6 bxc6 8.
O-O Nf6 9. Nc3 O-O 10. Re1 d5 11. e5 Ne8 12. h3 f6 13. Be3 Qa5 14. a3 e6 15. b4
Qc7 16. Na4 a5 17. Qd2 axb4 18. axb4 Rf7 19. Bf4 Bf8 20. Nc5 Rxa1 21. Rxa1 fxe5
22. Bxe5 Bd6 23. Ng5 Re7 24. Re1 h6 25. Nf3 Kh7 26. Qf4 Bxe5 27. Nxe5 Nd6 28.
Qf6 Rg7 29. Ned3 Rf7 30. Nxe6 Rxf6 31. Nxc7 Rf7 32. Ne6 Re7 33. Nf8+ Kg7 34.
Rxe7+ Kxf8 35. Rc7 Ba6 36. Rxc6 Bxd3 37. Rxd6 1-0

[Event "Scarborough CC Falling Leaves"]
[Site "Toronto CAN"]
[Date "2019.11.28"]
[Round "5.1"]
[White "Gao, Raymond"]
[Black "Southam, David"]
[Result "1/2-1/2"]
[WhiteElo "2052"]
[BlackElo "2185"]
[PlyCount "38"]
[EventDate "2019.10.31"]
[EventType "swiss"]
[EventRounds "6"]
[EventCountry "CAN"]

1. e4 e6 2. d4 d5 3. Nd2 c5 4. exd5 Qxd5 5. Ngf3 cxd4 6. Bc4 Qd6 7. O-O Nf6 8.
Nb3 Nc6 9. Nbxd4 Nxd4 10. Nxd4 a6 11. Re1 Qc7 12. Bb3 Bd6 13. Nf5 Bxh2+ 14. Kh1
Kf8 15. Qd4 exf5 16. Qxf6 h6 17. Qd4 Bd6 18. Rd1 Be7 19. Bf4 Qc6 1/2-1/2

[Event "Scarborough CC Falling Leaves"]
[Site "Toronto CAN"]
[Date "2019.11.28"]
[Round "5.2"]
[White "Zhao, Jeffrey R"]
[Black "Xiao, Edward"]
[Result "0-1"]
[WhiteElo "2164"]
[BlackElo "1812"]
[PlyCount "86"]
[EventDate "2019.10.31"]
[EventType "swiss"]
[EventRounds "6"]
[EventCountry "CAN"]

1. e4 c5 2. Nf3 d6 3. d4 cxd4 4. Nxd4 Nf6 5. Nc3 a6 6. Bg5 e6 7. f4 Be7 8. Qf3
Nbd7 9. O-O-O Qc7 10. g4 b5 11. Bxf6 gxf6 12. f5 Ne5 13. Qg3 Nc6 14. Nxc6 Qxc6
15. Bg2 Bb7 16. fxe6 fxe6 17. Ne2 e5 18. Nc3 Rc8 19. Rd2 Qc4 20. Kb1 b4 21. Nd5
Bxd5 22. exd5 Rg8 23. h3 f5 24. Qf3 f4 25. Bf1 Qc5 26. Bd3 Qe3 27. Qxe3 fxe3
28. Re2 Bg5 29. Bxh7 Rh8 30. Bf5 Rc4 31. Be6 Rd4 32. c3 Rd2 33. Rxd2 exd2 34.
Kc2 bxc3 35. bxc3 Ke7 36. Bf5 Kf6 37. Be4 Kg7 38. Bg2 e4 39. Bxe4 Re8 40. Kd3
Rh8 41. Bf3 Re8 42. h4 Re1 43. Kc2 Rc1+ 0-1

[Event "Scarborough CC Falling Leaves"]
[Site "Toronto CAN"]
[Date "2019.11.28"]
[Round "5.3"]
[White "Mao, Fengxi"]
[Black "Leblanc, Miguel"]
[Result "1-0"]
[WhiteElo "2181"]
[BlackElo "1754"]
[PlyCount "71"]
[EventDate "2019.10.31"]
[EventType "swiss"]
[EventRounds "6"]
[EventCountry "CAN"]

1. d4 Nf6 2. c4 e6 3. Nc3 c5 4. d5 exd5 5. cxd5 d6 6. Nf3 a6 7. a4 g6 8. Nd2
Nbd7 9. e4 Bg7 10. Be2 O-O 11. O-O Re8 12. Qc2 Rb8 13. h3 Nb6 14. a5 Na8 15.
Nc4 Qe7 16. Bf4 Rd8 17. Nxd6 Nc7 18. Nxc8 Rbxc8 19. d6 Rxd6 20. e5 Rd4 21. exf6
Bxf6 22. Be3 Re8 23. Bxd4 cxd4 24. Na4 Qxe2 25. Qxc7 d3 26. Qxb7 d2 27. Qf3 Qb5
28. Qxf6 Qxa5 29. Qc3 Qd8 30. Rad1 Re2 31. Nc5 Qe7 32. Nxa6 Qa7 33. Nb4 Qe7 34.
Rxd2 Re1 35. Nd5 Qe8 36. Nf6+ 1-0

[Event "Scarborough CC Falling Leaves"]
[Site "Toronto CAN"]
[Date "2019.11.28"]
[Round "5.4"]
[White "Xie, Austin"]
[Black "Mendoza, Armand Jess"]
[Result "1-0"]
[WhiteElo "1956"]
[BlackElo "1840"]
[PlyCount "53"]
[EventDate "2019.10.31"]
[EventType "swiss"]
[EventRounds "6"]
[EventCountry "CAN"]

1. e4 c5 2. Nc3 Nc6 3. g3 Nf6 4. Bg2 d6 5. f4 g6 6. Nf3 e5 7. d3 Bg7 8. O-O O-O
9. f5 Qb6 10. Bg5 c4+ 11. Kh1 Ng4 12. Qd2 h6 13. Nd5 Qc5 14. f6 hxg5 15. fxg7
Kxg7 16. Qxg5 f6 17. Qd2 Nd4 18. Nh4 Nc6 19. h3 Nh6 20. Nxf6 Nf7 21. Qd1 Rh8
22. Qf3 Ng5 23. Ne8+ Kh6 24. Qf6 Rg8 25. Nxg6 Rxg6 26. Qf8+ Kh7 27. Nf6+ 1-0

[Event "Scarborough CC Falling Leaves"]
[Site "Toronto CAN"]
[Date "2019.11.28"]
[Round "5.5"]
[White "Tavana, Joseph"]
[Black "Sharpe, Sam"]
[Result "1/2-1/2"]
[WhiteElo "1752"]
[BlackElo "1946"]
[PlyCount "105"]
[EventDate "2019.10.31"]
[EventType "swiss"]
[EventRounds "6"]
[EventCountry "CAN"]

1. Nf3 d5 2. d4 Nf6 3. e3 e6 4. Bd3 c5 5. b3 Nc6 6. Bb2 Bd6 7. a3 O-O 8. Nbd2
Qc7 9. O-O e5 10. dxe5 Nxe5 11. Nxe5 Bxe5 12. Bxe5 Qxe5 13. c4 Bg4 14. Qc2 Bh5
15. h3 Bg6 16. Bxg6 hxg6 17. Rfd1 Rac8 18. cxd5 Qxd5 19. Nc4 Qe4 20. Qxe4 Nxe4
21. Rd7 b5 22. Ne5 a5 23. Rc1 b4 24. a4 Nc3 25. Kf1 Rcd8 26. Ke1 Rxd7 27. Nxd7
Rc8 28. Nb6 Rc6 29. Nc4 Ra6 30. f3 Kf8 31. e4 Ke7 32. Rc2 g5 33. Rd2 g6 34. Ne3
Rc6 35. Nc4 Ra6 36. Ne3 Rc6 37. Nd5+ Nxd5 38. Rxd5 f6 39. Kd2 c4 40. bxc4 Rxc4
41. Rxa5 b3 42. Ra7+ Ke6 43. a5 b2 44. Rb7 Ra4 45. Rb6+ Ke7 46. Rxb2 Rxa5 47.
Rb7+ Kf8 48. Rb2 Ra3 49. Ke2 Ke7 50. Rd2 Rb3 51. g3 Rb1 52. Rd1 Rb2+ 53. Rd2
1/2-1/2

[Event "Scarborough CC Falling Leaves"]
[Site "Toronto CAN"]
[Date "2019.11.28"]
[Round "5.6"]
[White "Hay, Jonathan"]
[Black "Wu, Benjamin"]
[Result "1/2-1/2"]
[WhiteElo "2039"]
[BlackElo "1796"]
[PlyCount "91"]
[EventDate "2019.10.31"]
[EventType "swiss"]
[EventRounds "6"]
[EventCountry "CAN"]

1. d4 Nf6 2. Bf4 d5 3. e3 Bf5 4. c4 e6 5. Nc3 Bd6 6. Bg3 O-O 7. Nf3 c6 8. Bd3
Bxd3 9. Qxd3 dxc4 10. Qxc4 b5 11. Qe2 Bxg3 12. hxg3 Nbd7 13. O-O Re8 14. Rfd1
b4 15. Na4 Qa5 16. Qc2 Rac8 17. Rac1 e5 18. b3 exd4 19. Rxd4 Nb6 20. Nc5 Nbd5
21. Rc4 Nc3 22. a4 Nfd5 23. Nd3 c5 24. Rh4 h6 25. Nde5 Qc7 26. Nc4 Nb6 27. Kh2
Nxc4 28. Rxc4 Red8 29. Nd4 Qd7 30. Ne2 Nxe2 31. Qxe2 Qd3 32. Qb2 Qf5 33. Qe2
Qd5 34. Qc2 Qh5+ 35. Kg1 a5 36. g4 Qg5 37. Rxc5 Rxc5 38. Qxc5 Qxg4 39. Qxa5
Rd1+ 40. Rxd1 Qxd1+ 41. Kh2 Qxb3 42. Qa8+ Kh7 43. a5 Qc4 44. a6 b3 45. Qb7 b2
46. Qxb2 1/2-1/2

[Event "Scarborough CC Falling Leaves"]
[Site "Toronto CAN"]
[Date "2019.12.05"]
[Round "6.1"]
[White "Xiao, Edward"]
[Black "Southam, David"]
[Result "0-1"]
[WhiteElo "1812"]
[BlackElo "2186"]
[PlyCount "96"]
[EventDate "2019.10.31"]
[EventType "swiss"]
[EventRounds "6"]
[EventCountry "CAN"]

1. d4 e6 2. c4 d5 3. Nc3 c6 4. e3 f5 5. Nf3 Nf6 6. Bd2 Bd6 7. Bd3 O-O 8. Qc2
Ne4 9. Ne5 Bxe5 10. dxe5 Nd7 11. f4 Qh4+ 12. Ke2 Qf2+ 13. Kd1 Qxg2 14. Bxe4
dxe4 15. Re1 Nc5 16. Re2 Qf1+ 17. Re1 Qf3+ 18. Ne2 Bd7 19. Bb4 Nd3 20. Bxf8
Rxf8 21. Rg1 Qxe3 22. Qd2 Qb6 23. b3 Rd8 24. Kc2 Be8 25. Rad1 Bh5 26. Kb1 Qf2
27. Rde1 Bxe2 28. Qxe2 Qxe2 29. Rxe2 Nxf4 30. Rc2 Ng6 31. Rcg2 Rd7 32. Kc2 Nxe5
33. Rd1 Rxd1 34. Kxd1 Kf7 35. Ke2 f4 36. Rg5 Kf6 37. h4 h6 38. Rg1 g5 39. hxg5+
hxg5 40. Rh1 g4 41. Rh7 Nf7 42. Rh4 Kg5 43. Rh7 Kg6 44. Rh1 g3 45. Rd1 Ne5 46.
Rd8 f3+ 47. Ke3 Ng4+ 48. Kf4 f2 0-1

[Event "Scarborough CC Falling Leaves"]
[Site "Toronto CAN"]
[Date "2019.12.05"]
[Round "6.2"]
[White "Mao, Fengxi"]
[Black "Gao, Raymond"]
[Result "1-0"]
[WhiteElo "2181"]
[BlackElo "2052"]
[PlyCount "65"]
[EventDate "2019.10.31"]
[EventType "swiss"]
[EventRounds "6"]
[EventCountry "CAN"]

1. e4 c5 2. Nf3 d6 3. d4 cxd4 4. Nxd4 Nf6 5. Nc3 a6 6. Be2 e5 7. Nb3 Be7 8. Be3
Be6 9. Qd3 Nbd7 10. Nd5 Bxd5 11. exd5 Nc5 12. Nxc5 dxc5 13. O-O-O Bd6 14. g4 b5
15. g5 Nd7 16. h4 Qa5 17. Kb1 c4 18. Qe4 c3 19. f4 O-O-O 20. fxe5 Nxe5 21. Bd4
Rhe8 22. Bxc3 Qc7 23. Rhe1 Kb7 24. Bf3 Nc4 25. Qd3 Kb8 26. Bxg7 Bg3 27. Re4 f5
28. gxf6 Be5 29. c3 b4 30. Rxc4 bxc3 31. Rxc7 Kxc7 32. Qxa6 Rb8 33. d6+ 1-0

[Event "Scarborough CC Falling Leaves"]
[Site "Toronto CAN"]
[Date "2019.12.05"]
[Round "6.3"]
[White "Jeyakumar, Bhavatharshan"]
[Black "Xie, Austin"]
[Result "0-1"]
[WhiteElo "1902"]
[BlackElo "1956"]
[PlyCount "72"]
[EventDate "2019.10.31"]
[EventType "swiss"]
[EventRounds "6"]
[EventCountry "CAN"]

1. e4 e6 2. d4 d5 3. Nd2 c5 4. c3 Nc6 5. Ngf3 cxd4 6. cxd4 dxe4 7. Nxe4 Nf6 8.
Nxf6+ Qxf6 9. Bg5 Bb4+ 10. Bd2 O-O 11. Bxb4 Nxb4 12. Bc4 b6 13. Qa4 a5 14. O-O
Bb7 15. Ne5 Qg5 16. g3 Rfd8 17. Rfd1 Qf5 18. Qb3 Nc2 19. Bd3 Nxa1 20. Qxb6 Be4
21. Bxe4 Qxe4 22. Nc6 Rd7 23. Rxa1 h6 24. Rc1 Kh7 25. h3 Rd5 26. Qb7 Rh5 27. h4
Rf8 28. Qe7 Kg8 29. Ne5 Rf5 30. Rc7 Qe1+ 31. Kg2 Rxf2+ 32. Kh3 Qf1+ 33. Kg4
Qe2+ 34. Nf3 Qxf3+ 35. Kh3 Qf5+ 36. g4 Qf3# 0-1

[Event "Scarborough CC Falling Leaves"]
[Site "Toronto CAN"]
[Date "2019.12.05"]
[Round "6.4"]
[White "Manalo, Pepin"]
[Black "Tavana, Joseph"]
[Result "1-0"]
[WhiteElo "1927"]
[BlackElo "1752"]
[PlyCount "89"]
[EventDate "2019.10.31"]
[EventType "swiss"]
[EventRounds "6"]
[EventCountry "CAN"]

1. d4 d5 2. Nf3 e6 3. e3 c5 4. b3 cxd4 5. exd4 Nf6 6. Bd3 Nc6 7. a3 Bd6 8. Bb2
Qc7 9. Qe2 O-O 10. Ne5 Nd7 11. f4 Bxe5 12. fxe5 f5 13. Nd2 Rf7 14. Nf3 h6 15.
h4 g6 16. O-O-O a6 17. Rdg1 Nf8 18. g4 Rg7 19. Qe3 Kh7 20. Rg2 Qd7 21. Kb1 Qf7
22. Qf4 Ne7 23. Bc1 fxg4 24. Qxh6+ Kg8 25. Ng5 Qe8 26. h5 Nf5 27. Bxf5 gxf5 28.
Nf3 Qe7 29. Ne1 b6 30. Nd3 Rh7 31. Qe3 Bd7 32. Nf4 Be8 33. h6 Ra7 34. Nh5 Bxh5
35. Rxh5 Ng6 36. Qg3 Qf7 37. Rgh2 Kh8 38. Bg5 Nf8 39. Bf6+ Kg8 40. Rg5+ Ng6 41.
Rhh5 Kf8 42. Qc3 Rc7 43. Qb4+ Ke8 44. Qxb6 Rc8 45. Rxg6 1-0